header

The pragmatics of academic writing (Record no. 104880)

MARC details
000 -LEADER
fixed length control field 01545nam a2200361Ia 4500
100 1# - MAIN ENTRY--AUTHOR NAME
Personal name Owtram, Nicola T.,
245 14 - TITLE STATEMENT
Title The pragmatics of academic writing
260 ## - PUBLICATION, DISTRIBUTION, ETC. (IMPRINT)
Place of publication Bern ;
-- New York :
Name of publisher Peter Lang,
Year of publication c2010.
300 ## - PHYSICAL DESCRIPTION
Number of Pages 311 p.
490 1# - SERIES STATEMENT
Series statement Linguistic insights : studies in language and communication ;
650 #0 - SUBJECT ADDED ENTRY--TOPICAL TERM
Topical Term English language
Topical Term Academic writing
Topical Term English language
Topical Term Report writing
856 40 - ELECTRONIC LOCATION AND ACCESS
Uniform Resource Identifier http://site.ebrary.com/lib/rucke/Doc?id=10589312

No items available.

© 2026 Rongo University
Contact us: librarian | system librarian | Rongo university